Every Song by the Bloodhound Gang - Statistics

General Stats
  • This quiz has been taken 27 times
  • The average score is 33 of 77
Answer Stats
Album Song % Correct
Hooray for Boobies(1999) The Bad Touch
100%
Hooray for Boobies(1999) Along Comes Mary
79%
One Fierce Beer Coaster(1996) Kiss Me Where It Smells Funny
79%
One Fierce Beer Coaster(1996) Lift Your Head Up High (And Blow Your Brains Out)
79%
Hooray for Boobies(1999) The Ballad of Chasey Lain
79%
One Fierce Beer Coaster(1996) Fire Water Burn
74%
Hefty Fine(2005) Foxtrot Uniform Charlie Kilo
74%
Hefty Fine(2005) Uhn Tiss Uhn Tiss Uhn Tiss
74%
Hooray for Boobies(1999) I Hope You Die
68%
Use Your Fingers(1995) Mama Say
68%
Hooray for Boobies(1999) Three Point One Four
68%
One Fierce Beer Coaster(1996) I Wish I Was Queer So I Could Get Chicks
63%
Hefty Fine(2005) Pennsylvania
63%
Hard-Off(2015) Uncool as Me
63%
Hooray for Boobies(1999) A Lap Dance Is So Much Better When the Stripper Is Crying
58%
One Fierce Beer Coaster(1996) Asleep at the Wheel
58%
Hard-Off(2015) My Dad Says That's for Pussies
58%
Use Your Fingers(1995) One Way
53%
One Fierce Beer Coaster(1996) Shut Up
53%
Hard-Off(2015) Socially Awkward Penguin
53%
One Fierce Beer Coaster(1996) Why's Everybody Always Pickin' on Me?
53%
Show Us Your Hits(2010) Altogether Ooky
47%
One Fierce Beer Coaster(1996) Boom
47%
Hard-Off(2015) Chew Toy
47%
Hard-Off(2015) Dimes
47%
Hefty Fine(2005) I'm the Least You Could Do
47%
Hefty Fine(2005) Jackass
47%
Use Your Fingers(1995) Legend in My Spare Time
47%
Hefty Fine(2005) Ralph Wiggum
47%
Hooray for Boobies(1999) Yummy Down on This
47%
Hard-Off(2015) American Bitches
42%
Hard-Off(2015) Bumblebees
42%
Hefty Fine(2005) Farting with a Walkman On
42%
One Fierce Beer Coaster(1996) Going Nowhere Slow
42%
Hefty Fine(2005) No Hard Feelings
42%
Hooray for Boobies(1999) Right Turn Clyde
42%
Hooray for Boobies(1999) R.S.V.P.
42%
Show Us Your Hits(2010) Screwing You on the Beach at Night
42%
Hooray for Boobies(1999) Take the Long Way Home
42%
Hooray for Boobies(1999) The Inevitable Return of the Great White Dope
42%
Use Your Fingers(1995) We Are the Knuckleheads
42%
One Fierce Beer Coaster(1996) Your Only Friends Are Make Believe
42%
Hefty Fine(2005) Balls Out
37%
Use Your Fingers(1995) Coo Coo Ca Choo
37%
Hooray for Boobies(1999) Hell Yeah
37%
Hooray for Boobies(1999) Magna Cum Nada
37%
One Fierce Beer Coaster(1996) Reflections of Remoh
37%
Use Your Fingers(1995) She Ain't Got No Legs
37%
One Fierce Beer Coaster(1996) Yellow Fever
37%
Use Your Fingers(1995) B.H.G.P.S.A.
32%
Hard-Off(2015) Clean Up in Aisle Sexy
32%
Use Your Fingers(1995) Go Down
32%
Hooray for Boobies(1999) Mama's Boy
32%
Use Your Fingers(1995) No Rest for the Wicked
32%
Dingleberry Haze(1994) Rang Dang
32%
Use Your Fingers(1995) Rang Dang
32%
Use Your Fingers(1995) Rip Taylor Is God
32%
Hefty Fine(2005) Something Diabolical
32%
Hooray for Boobies(1999) That Cough Came with a Prize
32%
Use Your Fingers(1995) You're Pretty When I'm Drunk
32%
Hard-Off(2015) Diary of a Stranger
26%
Use Your Fingers(1995) Nightmare at the Apollo
26%
Use Your Fingers(1995) The Evils of Placenta Hustling
26%
Hooray for Boobies(1999) The Ten Coolest Things About New Jersey
26%
Hooray for Boobies(1999) This Is Stupid
26%
Use Your Fingers(1995) We Like Meat
26%
Hefty Fine(2005) Diarrhea Runs in the Family
21%
Use Your Fingers(1995) Earlameyer the Butt Pirate
21%
Use Your Fingers(1995) Shitty Record Offer
21%
Hefty Fine(2005) Strictly for the Tardcore
21%
Hard-Off(2015) We're Gonna Bring the Party to You
21%
Dingleberry Haze(1994) Cheese Tidbit
16%
Hefty Fine(2005) Overheard in a Wawa Parking Lot
16%
Dingleberry Haze(1994) Neighbour Invasion
11%
One Fierce Beer Coaster(Hidden)(1996) Untitled
11%
Hooray for Boobies(Hidden)(1999) Studio Bullshit
5%
Use Your Fingers(1995) Bloodhound Sex Scene
0%
No matching quizzes found
Score Distribution
Percent of People with Each Score
Percentile by Number Answered
Your Score History
You have not taken this quiz